| 000 | 01403nam2a22003131 4500 | ||
|---|---|---|---|
| 001 | v19\rc\1569256 | ||
| 005 | 20260406082325.0 | ||
| 035 | _a(NLR Aleph) 004698936 | ||
| 090 |
_a4039862 _c4039862 |
||
| 100 | _a20061002d1892 |||y0rusy50 ca | ||
| 101 | 1 |
_arus _clat |
|
| 102 | _aRU | ||
| 105 | _ay z ||||| | ||
| 200 | 1 |
_aПредисловие _aМильтиад _aФемистокл |
|
| 210 |
_d1892 _aБ. м. |
||
| 215 | _a31 с. | ||
| 300 | _aНа обл.: 28 | ||
| 461 | 0 |
_1001v19\rc\1569255 _12001#$aЖизнеописания знаменитых полководцев$eВып. 1-$fКорнелий Непот$vВып. 1 _1700#0$aКорнелий Непот$fок. 99-ок. 32 до н. э. _94039853 _aКорнелий Непот (ок. 99-ок. 32 до н. э.) _cСанкт-Петербург _d1892 _fКорнелий Непот _nВ.А. Вроблевский _oВып. 1- _tЖизнеописания знаменитых полководцев _vВып. 1 |
|
| 702 | 0 |
_4570 _7ca _8rus _aМильтиад _cмл. _fок.550-489 до н. э. _3RU\NLR\AUTH\770277030 _92648997 |
|
| 702 | 0 |
_aФемистокл _fок. 525-ок. 460 д. н. э. _4570 |
|
| 801 | 0 |
_aRU _bNLR _gpsbo |
|
| 801 | 0 |
_aRU _bRuMoRGB _2psbo |
|
| 801 | 1 |
_aRU _bProSoft-M _2rusmarc |
|
| 852 |
_aNLR _j18.304.4.7(8(вып. 1)) |
||
| 899 |
_aRuMoRGB _jA 161/428 (28) |
||
| 899 | _aБАН | ||
| 942 | _cBOOK | ||
| 980 | _aNB | ||